000 00648nam a22001697a 4500
003 MACL
005 20150707163319.0
008 150707b xxu||||| |||| 00| 0 eng d
040 _cMACL
041 _aHindi
082 _a741.642
100 _4128/5
_aकसार, जमुना प्रसाद
_91321
245 _aसरला ने कहा/आओ गले मिलें/जमीन का आखिरी टुकडा/परीक्षा
260 _aनई दिल्‍ली
_bनेशनल बुक ट्रस्‍ट
_c2004
650 _aचिल्‍ड्रन बुक्‍स
_9343
942 _2ddc
_cHIN
999 _c50055
_d50055